| 000 | 02377cas a2200565 a 4500 | ||
|---|---|---|---|
| 001 | 11199122 | ||
| 003 | OSt | ||
| 005 | 20120109130153.0 | ||
| 008 | 761213c19099999enk x w 0 a0eng | ||
| 010 | _a 76642353 | ||
| 022 | _a0070-1521 | ||
| 035 | _a(OCoLC)ocm02617568 | ||
| 037 | _bSweet & Maxwell Ltd, FREEPOST, Andover, Hants, SP10 5BR | ||
| 040 |
_aDLC _cDLC _dNST _dDLC _dMH _dDLC _dMH-L _dDLC _dMH _dCaQMU _dOCoLC |
||
| 042 | _apcc | ||
| 043 | _ae-uk--- | ||
| 050 | 0 | 0 |
_aKD7865.A2 _bC7 |
| 082 | 4 | _a345/.41/002643 | |
| 245 | 0 | 4 | _aThe criminal appeal reports.1973 Vol.57 |
| 246 | 3 | _aCr.App.R. | |
| 260 |
_aLondon : _bSweet & Maxwell, |
||
| 300 |
_av. ; _c25 cm. |
||
| 310 | _aIrregular | ||
| 362 | 1 | _aBegan with v. 2 in 1909. | |
| 500 | _aAt head of title: Law reports. | ||
| 500 | _aDescription based on: Vol. 15 (Mar. 8, 1920 to June 6, 1921). | ||
| 515 | _aIssues for <1989, pt. 2>-1994 cited as <88> CrAppR-99 CrAppR; issues for 1995- cited as [1995]1 Cr.App.R.- | ||
| 515 | _aIssued in parts. | ||
| 550 | _aVols. for 1909-1966 report cases in the Court of Criminal Appeal; 1967- in the Criminal Division of the Court of Appeal and other courts | ||
| 580 | _aComplemented by: Great Britain. Court of Appeal. Criminal appeal reports. Sentencing. | ||
| 590 | _aSERBIB/SERLOC merged record | ||
| 650 | 0 |
_aCriminal law _zGreat Britain _vCases. _96084 |
|
| 650 | 6 |
_aDroit pénal _zGrande-Bretagne _vJurisprudence _vPériodiques. _96085 |
|
| 710 | 1 |
_aGreat Britain. _bCourt of Criminal Appeal. _96086 |
|
| 710 | 1 |
_aGreat Britain. _bCourt of Appeal. _bCriminal Division. _96087 |
|
| 780 | 0 | 0 |
_tCriminal appeal cases _w(OCoLC)1751433 |
| 787 | 1 |
_aGreat Britain. Court of Appeal. _tCriminal appeal reports. Sentencing _w(DLC) 93660986 _w(OCoLC)6780592 |
|
| 906 |
_a7 _bcbc _cserials _d4 _encip _f19 _gn-oclcserc |
||
| 936 | _aAACR2=HUL | ||
| 942 |
_2ddc _cLRT |
||
| 999 |
_c4908 _d4908 |
||